| 000 | 00902nam a22002657a 4500 | ||
|---|---|---|---|
| 005 | 20240530110614.0 | ||
| 008 | 161102s2015 ua a g b 000 0 ara d | ||
| 017 |
_a2014/5825 _bمصر. دار الكتب |
||
| 020 | _a9789770528846 | ||
| 040 |
_aEG-CaGPL _cEG-CaGPL |
||
| 082 |
_221 _a155.4\ _bم ت |
||
| 100 | 0 | _aمحمد محمد عوده | |
| 245 | 1 | 0 |
_aتشخيص و تنمية مهارات الطفل الذاتوي / _cمحمد محمد عوده |
| 250 | _aط. 1 | ||
| 260 | _c2015 . | ||
| 300 |
_a293 ص : _bايض ؛ _c24 سم. |
||
| 504 | _aيشتمل على ارجاعات ببليوجرافية | ||
| 650 | 0 | 7 |
_2qrmak _aالذاتية |
| 650 | 0 | 7 |
_2qrmak _aالاطفال _xرعاية |
| 650 | 0 | 7 |
_2qrmak _aالاطفال _xعلم نفس |
| 650 | 0 | 7 |
_2qrmak _aعلم النفس التربوي |
| 651 | _2qrmak | ||
| 942 |
_2ddc _cBK |
||
| 999 |
_c62921 _d62921 |
||